| 000 | 00785nam a2200241Ia 4500 | ||
|---|---|---|---|
| 003 | GCL | ||
| 008 | 140319s9999 xx 000 0 ara d | ||
| 020 | _a0339301977 | ||
| 040 |
_aGCL / _cGCL |
||
| 082 | 0 | 4 |
_a214 _bع ا |
| 100 | 1 | _aعباس محمود العقاد | |
| 245 | 1 | 0 |
_aالاسلام فى القرن العشرين / _cعباس محمود العقاد |
| 260 |
_aالقاهرة : _bالهيئة المصرية العامة للكتاب ، _c1993 |
||
| 300 |
_a171 ص ؛ _c18 سم |
||
| 490 | _a | ||
| 650 | 0 | 4 | _aالعصر الحديث |
| 650 | 0 | 4 | _aالاسلام |
| 650 | 0 | 4 | _aافريقيا |
| 650 | 0 | 4 | _aالديانات |
| 650 | 0 | 4 | _aالسودان - تاريخ - العصر الاسلامى |
| 650 | 0 | 4 | _aالحبشة - الاسلام |
| 942 |
_2ddc _cBK |
||
| 999 |
_c29212 _d29212 |
||